Tourism: The key concepts (Record no. 24594)

MARC details
000 -LEADER
fixed length control field 00447nam a2200169Ia 4500
008 - FIXED-LENGTH DATA ELEMENTS--GENERAL INFORMATION
fixed length control field 230917s9999||||xx |||||||||||||| ||und||
020 ## - ISBN
Price RS895
040 ## - CATALOGING SOURCE
-- 243418
Original cataloging agency VIVEKANANDA LIBRARY
041 ## - Language
-- English
082 ## - DDC NUMBER
Classification number 338.4791 R561T
100 ## - MAIN ENTRY--PERSONAL NAME
Personal name Robinson, Peter, ed.
245 #0 - TITLE STATEMENT
Title Tourism: The key concepts
260 ## - PUBLICATION, DISTRIBUTION, ETC. (IMPRINT)
Place of publication, distribution, etc London
Name of publisher, distributor, etc Routledge
Date of publication, distribution, etc 2017
300 ## - PHYSICAL DESCRIPTION
Pages xxxi, 336 p.
500 ## - GENERAL NOTE
General note 2933 20/11/2017 RBP17/67910 24/11/2017 IHTM (SFS)
942 ## - ADDED ENTRY ELEMENTS (KOHA)
Koha item type Books
Holdings
Withdrawn status Lost status Damaged status Not for loan Location (home branch) Sublocation or collection (holding branch) Shelving location Date acquired Koha issues (times borrowed) Koha full call number Accession No. Koha date last seen Koha item type
        VIVEKANANDA LIBRARY VIVEKANANDA LIBRARY IHTM Library 20/12/2017   338.4791 R561T 363917 17/09/2023 Books
        VIVEKANANDA LIBRARY VIVEKANANDA LIBRARY IHTM Library 20/12/2017   338.4791 R561T 363918 17/09/2023 Books
        VIVEKANANDA LIBRARY VIVEKANANDA LIBRARY IHTM Library 20/12/2017   338.4791 R561T 364100 17/09/2023 Books
        VIVEKANANDA LIBRARY VIVEKANANDA LIBRARY IHTM Library 20/12/2017   338.4791 R561T 364101 17/09/2023 Books
        VIVEKANANDA LIBRARY VIVEKANANDA LIBRARY IHTM Library 20/12/2017   338.4791 R561T 364102 17/09/2023 Books
© Designed and Maintained by Vivekananda Library, MDU Rohtak